| 000 | 01286cab a2200421 4500 | ||
|---|---|---|---|
| 001 | ABS51876 | ||
| 008 | 090401t1994 xxu||||| |||| 00| 0 eng d | ||
| 035 | _a(Sirsi) u48337 | ||
| 041 | _aeng | ||
| 245 | _aBuilding renewal | ||
| 260 | _c1994 | ||
| 300 | _aLOAN | ||
| 350 | _a0 | ||
| 490 |
_aBuilding _vSupplement 9 December 1994, (26) |
||
| 520 | _aDiscusses the privatisation of MoD housing stock, examining the options for change for the sites for disposal, the reuse of two barracks in Southsea and Winchester for conversion to housing, concern over a disused US base in Suffolk and ports combining tourism and manufacturing. | ||
| 650 | _aBARRACKS | ||
| 650 | _aBENTWATERS | ||
| 650 | _aCHATHAM | ||
| 650 | _aDEFENCE ESTATE | ||
| 650 | _aDEFENCE LANDS | ||
| 650 | _aHOUSING STOCK | ||
| 650 | _aMILITARY BUILDINGS | ||
| 650 | _aMILITARY SITES | ||
| 650 | _aMINISTRY OF DEFENCE | ||
| 650 | _aNAVAL DOCKYARDS | ||
| 650 | _aPORTS | ||
| 650 | _aPORTSMOUTH | ||
| 650 | _aBUILT ENVIRONMENT-BUILDING MAINTENANCE AND REFURBISHMENT | ||
| 650 | _aSOUTHSEA | ||
| 650 | _aSUFFOLK | ||
| 650 | _aSURPLUS LAND | ||
| 650 | _aUS AIRBASES | ||
| 650 | _aVENICE | ||
| 650 | _aWINCHESTER | ||
| 690 | _aBUILT ENVIRONMENT | ||
| 942 | _n0 | ||
| 948 | _c04/03/1997 | ||
| 999 |
_c30362 _d30362 |
||